| 000 | 00715nam a2200217 a 4500 | ||
|---|---|---|---|
| 999 |
_c11546 _d11546 |
||
| 001 | 11546 | ||
| 003 | BD-JhCC | ||
| 005 | 20200325093218.0 | ||
| 008 | 200325b 2020b |||| |||| 00| 0 be d | ||
| 035 | _a(BD-JhCC)11546 | ||
| 040 |
_aBD-JhCC _dBD-JhCC |
||
| 041 | _aben | ||
| 082 |
_a920.23 _bHOQ 2020 |
||
| 100 | _aহক, সৈয়দ শামসুল | ||
| 245 |
_aবঙ্গবন্ধু : _bস্মৃতি সত্তা ভবিষ্যৎ / _cসৈয়দ শামসুল হক |
||
| 260 |
_aঢাকা : _bচারুলিপি, _c২০২০ |
||
| 300 |
_a১৪৩ পৃ. ; _c২০ সেমি. |
||
| 600 | _aMujibur Rahaman | ||
| 650 | _aBiography | ||
| 942 |
_2ddc _cBK |
||